000
00371nam a2200169Ia 4500
003
0100
008
130303s9999 xx 000 0 und d
040
_c
ARRUPELIB
050
_a
BX4210.E91967
100
_a
Evoy, John J
245
4
_a
The real woman in the religious life
260
_a
NY
260
_b
Sheed Ward
260
_C
1967
300
_a
240p
942
0
0
_0
1
999
_c
37528
_d
37528